| 000 | 00406nam a2200157Ia 4500 | ||
|---|---|---|---|
| 008 | 160316s1996 xxu||||| |||| 00| 0 eng d | ||
| 082 |
_a301.010000 _bCAM |
||
| 100 | _aCampbell Colin | ||
| 245 | _aThe myth of social action | ||
| 250 | _a | ||
| 260 |
_aCambridge _bCambridge University press _c1996 |
||
| 300 |
_a199p _b _c |
||
| 365 | _bRs.1,064.44 | ||
| 650 | _a1. Sociology - Philosophy | ||
| 700 |
_a _a |
||
| 999 |
_c13770 _d13770 |
||